| 000 | 00398nam a2200169 i 4500 | ||
|---|---|---|---|
| 001 | bg | ||
| 100 | 1 | _aDOMIN, Tadeusz | |
| 245 | 0 |
_aMateriały budowlane / _cT. Domin. |
|
| 260 |
_aKraków, _c1986. |
||
| 650 | 9 | _aMateriały budowlane | |
| 655 | _aPodręczniki akademickie | ||
| 040 | _cBPK | ||
| 041 | _apol | ||
| 080 | _a691(075.8) | ||
| 942 | _cKS | ||
| 008 | s pl f |000 0 pol | ||
| 999 |
_c3293 _d3293 |
||
| 856 |
_uhttp://koha.tu.koszalin.pl/cgi-bin/koha/opac-detail.pl?biblionumber=3293 _yKatalog online BPK |
||